000 01984cam a2200289 4500500
005 20260301003244.0
041 _afre
042 _adc
100 1 0 _aDeregnaucourt, Gilles
_eauthor
245 0 0 _aLa joyeuse entrée à Cambrai de Mgr Maximilien de Berghes (21 octobre 1559)
260 _c2014.
500 _a5
520 _aLa joyeuse Entrée à Cambrai de Mgr Maximilien de Berghes en 1559 s’inscrit dans le contexte de la paix du Cateau-Cambrésis, de la réorganisation diocésaine des Pays-Bas et de la diffusion de la Réforme. Ces éléments donnent à l’événement un relief particulier et confèrent à la cérémonie à la fois les allures traditionnelles d’une fête populaire et surtout celles d’une prise de possession politique et religieuse d’une ville et d’un territoire dont l’évêque et aussi le seigneur temporel qui doit composer avec les forces et les institutions en place.
520 _aHis Lordship Maximilien de Berghes’s Joyeuse Entrée in Cambrai (21 October 1559)His Lordship Maximilien de Berghes’s Joyeuse Entrée in Cambrai in 1559 is to be viewed in the context of the Peace of Cateau-Cambrésis, of the diocesan reshaping of the Netherlands and of the spreading of Reformation. These elements give the event a particular relevance and grant the ceremony both the traditional appearance of a popular celebration and above all that of the political and religious taking over of a town and territory whose bishop is also a temporal lord who must deal with the local forces and institutions.
690 _achapitre
690 _aéchevinage
690 _aentrée joyeuse
690 _aépiscopat
690 _afête
690 _aPays-Bas
690 _aprivilèges
690 _arituel
690 _aserment
690 _aville
786 0 _nRevue du Nord | 400-401 | 2 | 2014-04-01 | p. 699-711 | 0035-2624
856 4 1 _uhttps://shs.cairn.info/revue-du-nord-2013-2-page-699?lang=fr&redirect-ssocas=7080
999 _c1675752
_d1675752